00857nam a2200229Ia 450000500170000000800410001702000150005804100080007308200190008110000310010024500710013125000220020230000400022465100560026465100550032065100720037526400570044733600270050433700330053133800280056404000350059220220316235541.0121119s2002 ck a gr 000 0 spa  a95836009030 aspa04a986.11 bF14H11 aFals Borda, Orlandod1925-10aHistoria doble de la costa, 1 bMompox y Loba cOrlando Fals Borda aSegunda edición a167 páginasbilustracionesc20 cm 4aCosta Atlántica (Colombia) xPolitica y gobierno  4aCosta Atlántica (Colombia) xHistoriaySiglo XIX 4aCosta Atlántica (Colombia) xVida social y costumbres ySiglo XIX aBogotábEl ÁncorabBanco de la Repúblicac2002 atextobtxt2rdacontent asin mediaciónbn2rdamedia avolumenbnc2rdacarrier aCO-BoRNBPbspaerdacCO-BoRNBP